ロード中...

Drugs and Cell Regulation

書誌詳細
第一著者: Enrico Mihich
フォーマット: Printed Book
言語:Undetermined
出版事項: Academic Press 1971
New York
主題:
LEADER 00602nam a2200217Ia 4500
008 141122s9999 xx 000 0 und d
040 |c . 
041 |a English 
082 |a 615.1 
082 |b MIH/DR 
100 |a Enrico Mihich  
245 |a Drugs and Cell Regulation 
245 |c Enrico Mihich  
260 |b Academic Press 
260 |b New York 
260 |c 1971 
300 |a 393 Pages 
650 |a Pharmacology and Toxicology 
942 |c BK 
999 |c 13949  |d 13949 
952 |0 0  |1 0  |4 0  |6 615_100000000000000_MIHDR  |7 0  |9 13747  |a COVAS  |b COVAS  |d 0000-00-00  |o 615.1 MIH/DR  |p 5492  |r 2014-11-26  |w 2014-11-26  |y BK